|
|
|
|
| LEADER |
00000nam a22000007a 4500 |
| 005 |
20210820113118.0 |
| 007 |
cr|||| |||| |
| 008 |
210820s2021 es |||||s|||| 00||0 spa d |
| 020 |
|
|
|a 978-84-7351-718-8
|
| 035 |
|
|
|a 33590
|
| 040 |
|
|
|a vLex
|
| 090 |
|
|
|c 12091
|d 12091
|
| 100 |
1 |
|
|a Navarro, Carmen
|
| 245 |
1 |
2 |
|a La externalizacin̤ de servicios pb︢licos a nivel local
|h [Recurso electrn̤ico] :
|b Experiencias, competencias y desafo̕s de la gestin̤ de los contratos /
|c Carmen Navarro, Anne-Marie Reynaers, Moneyba Gonzl̀ez Medina, Jos ̌Rama
|
| 256 |
|
|
|a Servicio en ln̕ea
|
| 260 |
|
|
|a Madrid:
|b Instituto Nacional de Administracin̤ Pb︢lica (INAP),
|c 2021
|
| 300 |
|
|
|a 1 recurso electrn̤ico
|
| 500 |
|
|
|a La manera en que las Administraciones pb︢licas locales gestionan la prestacin̤ de servicios pb︢licos puede variar sustancialmente entre municipios y entre servicios. Existen, al menos, dos modalidades por las que pueden optar: la externalizacin̤ (outsourcing o contracting out),y la gestin̤ directa (direct provision). Mientras que en la externalizacin̤ la Administracin̤ delega la gestin̤ de la prestacin̤ del servicio a travš de un contrato (sea a una empresa o a un individuo), en el caso de la gestin̤ directa esa gestin̤ queda en manos pb︢licas. Aunque el nivel de la externalizacin̤ de servicios pb︢licos difiere dependiendo del municipio y del servicio, en los anteriores dos estudios mencionados se apunta a que esta forma de provisin̤ de servicios se ha extendido en el m̀bito local espaǫl. Esa tendencia no es un fenm̤eno meramente espaǫl, ya que la externalizacin̤ ha ganado terreno durante las l︢timas dčadas en muchos pas̕es.
|
| 506 |
1 |
|
|a Disponible solo en los productos indicados
|d vLex Global
|d vLex Global (Academic Edition, excluding Law Schools)
|d vLex Global (U.S. Academic Edition, Law Schools)
|d vLex Global (U.S. Academic Edition, excluding Law Schools)
|d vLex Global (Academic Edition, Law Schools)
|
| 650 |
0 |
4 |
|a Derecho Pb︢lico y Administrativo
|z Espaą
|
| 700 |
1 |
|
|a Reynaers, Anne-Marie
|
| 700 |
1 |
|
|a Gonzl̀ez Medina, Moneyba
|
| 700 |
1 |
|
|a Rama, Još
|
| 740 |
0 |
|
|a vLex Libros (Servicio en ln̕ea)
|
| 856 |
4 |
0 |
|u https://app.vlex.com/#/sources/33590
|z Acceso restringido
|
| 942 |
|
|
|c BOOK
|
| 999 |
0 |
|
|a Public and Administrative Law
|